| 000 | 00343nam a22001337a 4500 | ||
|---|---|---|---|
| 008 | 190225b xxu||||| |||| 00| 0 eng d | ||
| 020 | _a9781593579029 | ||
| 041 | _aeng | ||
| 080 | _a338 | ||
| 100 | _a52 | ||
| 101 | _aMNG | ||
| 245 |
_aThe most accurate and up-to-date facts on all major jobs! _cOcucpation Outlok Handbook |
||
| 942 |
_2udc _cBK |
||
| 999 |
_c54204 _d54204 |
||